000
00339cam a2200145ua 4500
041
_a
eng
_h
082
_a
634.61
_b
CHI/CO
100
_a
Child, Reginald .
245
_a
Coconuts /
_c
Reginald Child.
_h
Textual Documents
260
_a
London :
_b
Longman ,
_c
1964.
300
_a
216 ; .
504
_a
942
_c
BK
999
_c
10775
_d
10775